Laos / (Record no. 6378)

MARC details
000 -LEADER
fixed length control field 03748nam a22002777a 4500
001 - CONTROL NUMBER
control field 6378
003 - CONTROL NUMBER IDENTIFIER
control field FISKH
005 - DATE AND TIME OF LATEST TRANSACTION
control field 20250425123032.0
008 - FIXED-LENGTH DATA ELEMENTS--GENERAL INFORMATION
fixed length control field 250425b cb ||||| |||| 00| 0 eng d
020 ## - INTERNATIONAL STANDARD BOOK NUMBER
International Standard Book Number 9781741799545
040 ## - CATALOGING SOURCE
Original cataloging agency FISKH
Language of cataloging eng
Transcribing agency FISKH
Modifying agency FISKH
050 ## - LIBRARY OF CONGRESS CALL NUMBER
Classification number DS555.382 .L664
082 ## - DEWEY DECIMAL CLASSIFICATION NUMBER
Classification number 915.940442
100 ## - MAIN ENTRY--PERSONAL NAME
Personal name Ray, Nick
245 ## - TITLE STATEMENT
Title Laos /
Statement of responsibility, etc. This edition written and researched by Nick Ray , Greg Bloom and Richard Waters
250 ## - EDITION STATEMENT
Edition statement First published , January 1994
260 ## - PUBLICATION, DISTRIBUTION, ETC.
Place of publication, distribution, etc. Fort Mill :
Name of publisher, distributor, etc. Lonely Planet ,
Date of publication, distribution, etc. 2014.
300 ## - PHYSICAL DESCRIPTION
Extent 343 pages :
Other physical details color illustrations, maps ;
Dimensions 20 cm .
490 ## - SERIES STATEMENT
Series statement Lonely Planet
520 ## - SUMMARY, ETC.
Summary, etc. Lonely Planet: The world's number one travel guide publisher Lonely Planet's Laos is your passport to the most relevant, up-to-date advice on what to see and skip, and what hidden discoveries await you. Whiz through the jungle on ziplines in Bokeo Nature Reserve, dine on French cuisine in historic Luang Prabang and trek to minority villages on the Bolaven Plateau - all with your trusted travel companion. Get to the heart of Laos and begin your journey now! Inside Lonely Planet's Laos: - NEW pull-out, passport-size 'Just Landed' card with wi-fi, ATM and transport info - all you need for a smooth journey from airport to hotel - Colour maps and images throughout - Highlights and itineraries help you tailor your trip to your personal needs and interests - Insider tips to save time and money and get around like a local, avoiding crowds and trouble spots - Essential info at your fingertips - hours of operation, phone numbers, websites, transit tips, prices - Honest reviews for all budgets - eating, sleeping, sightseeing, going out, shopping, hidden gems that most guidebooks miss - Cultural insights give you a richer, more rewarding travel experience - history, people, music, landscapes, wildlife, cuisine, politics - Covers Luang Prabang & Around, Northern Laos, Vientiane, Vang Vieng & Around, Central Laos, Southern Laos, and more - The Perfect Choice: Lonely Planet's Laos is our most comprehensive guide to Laos, and is perfect for discovering both popular and off-the-beaten-path experiences. About Lonely Planet: Lonely Planet is a leading travel media company and the world's number one travel guidebook brand, providing both inspiring and trustworthy information for every kind of traveller since 1973. Over the past four decades, we've printed over 145 million guidebooks and grown a dedicated, passionate global community of travellers. You'll also find our content online, and in mobile apps, video, 14 languages, nine international magazines, armchair and lifestyle books, ebooks, and more. 'Lonely Planet guides are, quite simply, like no other.' - New York Times 'Lonely Planet. It's on everyone's bookshelves, it's in every traveler's hands. It's on mobile phones. It's on the Internet. It's everywhere, and it's telling entire generations of people how to travel the world.' - Fairfax Media (Australia) eBook Features: (Best viewed on tablet devices and smartphones) - Downloadable PDF and offline maps prevent roaming and data charges - Effortlessly navigate and jump between maps and reviews - Add notes to personalise your guidebook experience - Seamlessly flip between pages - Bookmarks and speedy search capabilities get you to key pages in a flash - Embedded links to recommendations' websites - Zoom-in maps and images - Inbuilt dictionary for quick referencing Important Notice: The digital edition of this book may not contain all of the images found in the physical edition. <br/>
650 ## - SUBJECT ADDED ENTRY--TOPICAL TERM
Topical term or geographic name entry element Travel guide
Form subdivision Non-fiction
700 ## - ADDED ENTRY--PERSONAL NAME
Personal name Bloom, Greg
Relator term Illustrator
700 ## - ADDED ENTRY--PERSONAL NAME
Personal name Waters, Richard
Relator term Illustrator
942 ## - ADDED ENTRY ELEMENTS (KOHA)
Source of classification or shelving scheme Dewey Decimal Classification
Koha item type Books
Suppress in OPAC No
Holdings
Withdrawn status Lost status Source of classification or shelving scheme Damaged status Not for loan Collection Home library Current library Shelving location Date acquired Total Checkouts Full call number Barcode Date last seen Date last checked out Price effective from Koha item type
    Dewey Decimal Classification     Non-Fiction Footprints International School Library Network Toul Tom Poung Campus Footprints International School Library Network Toul Tom Poung Campus TTP Secondary Non-Fiction Bookshelves 04/25/2025 1 RAY 915.940442 DS555.382 .L664 2025-1128 12/19/2025 12/01/2025 04/25/2025 Books